| 000 | 00527 a2200205 4500 | ||
|---|---|---|---|
| 005 | 20250509114000.0 | ||
| 008 | 250508b |||||||| |||| 00| 0 eng d | ||
| 020 |
_a9789387964051 _cRs. 795.00 |
||
| 040 | _aMAIN | ||
| 082 |
_a615.19 _bR219M(2) |
||
| 100 | _aRazdan, Balkishen | ||
| 245 | _aMedicinal chemistry | ||
| 250 | _a2nd | ||
| 260 |
_bCBS Publishers and Distributors _c2022 _aNew Delhi |
||
| 300 | _axiv, 1041 | ||
| 650 | _aPharmacy | ||
| 650 | _aMedical Chemistry | ||
| 650 | _aForensic Science | ||
| 942 | _cBK | ||
| 999 |
_c360875 _d360875 |
||